| 000 | 00713cab a22002055a 4500 | ||
|---|---|---|---|
| 001 | L157558 | ||
| 008 | 130117e20130112xxk 000 0 eng d | ||
| 035 | _a(Sirsi) u157558 | ||
| 041 | 0 | _aeng | |
| 100 | 1 | _aSeitler, Jonathan | |
| 245 | 0 | 4 | _aThe top ten rules of break clauses |
| 260 | _c2013 | ||
| 490 |
_aEstates Gazette _v(1302) 12 January 2013, 58-60(2) |
||
| 520 | _aGives the 10 rules that summarise the position on break clauses following the wide ranging review after the appeal of Avocet Industrial Estates v Merol Ltd. | ||
| 590 | _aKA | ||
| 650 | 2 | 4 | _aAVOCET INDUSTRIAL ESTATES LLP V MEROL LTD AND ANOR |
| 651 | 4 |
_aEngland and Wales _y1543- |
|
| 690 |
_aCommercial property _96227 |
||
| 942 | _n0 | ||
| 999 |
_c84409 _d84409 |
||